Doctor Who Actors By Picture - Statistics

General Stats
  • This quiz has been taken 157 times
  • The average score is 11 of 13
Answer Stats
Picture Answer % Correct
David Tennant
95%
Matt Smith
92%
Peter Capaldi
91%
Jon Pertwee
89%
Tom Baker
88%
Christopher Eccleston
87%
Jodie Whittaker
85%
Sylvester McCoy
85%
William Hartnell
85%
Colin Baker
82%
John Hurt
82%
Peter Davison
82%
Paul McGann
79%
No matching quizzes found
Score Distribution
Percent of People with Each Score
Percentile by Number Answered
Your Score History
You have not taken this quiz